Tilastot visalle Espoo-visa

Klikkaa tästä pelataksesi tätä visaa!

Yleistilastot

  • Tätä visaa on pelattu 196 kertaa
  • Keskiarvotulos 13 / 16

Vastaustilastot

VihjeVastaus% Oikein
Espoo on Suomen toiseksi suurin kaupunki. Mikä on suurin?Helsinki
99%
Maakunta, johon kaupunki kuuluuUusimaa
97%
Ulkomainen pääkaupunki, joka sijaitsee alle sadan kilometrin päässä EspoostaTallinna
96%
Ruotsinkielinen nimiEsbo
95%
Ostoskeskus MatinkylässäIso {Omena}
95%
Espoolainen Formula 1 -kuski, vuoden 2007 maailmanmestariKimi Räikkönen
91%
Espoossa sijaitseva kansallispuistoNuuksio
91%
Vuonna 2010 perustettu yliopistoAalto-yliopisto
87%
Lahti, jonka varrella Espoo sijaitseeSuomenlahti
87%
Veriteosta muistettu surullisenkuuluisa järviBodominjärvi
84%
Espooseen saapui siirtolaisia tästä maasta 1100- ja 1200-luvuillaRuotsi
82%
Alue Otaniemessä, jossa on useiden suuryritysten pääkonttoreitaKeilaniemi
61%
Espoon kiinalainen ystävyyskaupunkiShanghai
60%
Backby ja Gumböle ovat esimerkkejä näistä rakennuksista, joita Espoossa on kymmeniäKartano
59%
Pohjoismaiden suurin kaatopaikka{Ämmäs}suo
56%
Luonnonmuodostuma, josta kaupunki on saanut nimensäEspoon{joki}
35%

Tulosjakauma

Persentiili vastausten määrän mukaan

Jokaisen tuloksen saaneiden osuus

Tuloshistoriasi

Et ole pelannut tätä visaa